000 00561nam a2200217 a 4500
001 BRCA_4290
005 20190320204621.0
008 240610s1957----enk#######---#000-0#eng-#
041 _aeng
044 _aenk
050 4 _aPZ3
_b.Q44 1957
100 1 _aQueen, Ellery
_910543
245 1 0 _aThe Greek Coffin Mystery
_cEllery Queen.
260 _aHarmondsworth, Londres
_bPenguin Books
_c1957
300 _a287 p.
_c18 cm.
440 0 _aPenguin Books
_v1198
_911042
500 _aCEF87
650 1 4 _aNovelas policĂ­acas
_9877
902 _aGFM
942 _2lcc
_cB
999 _c4001
_d4001